[Event "FRA-ch U14"]
[Site "Vichy"]
[Date "2025.05.02"]
[Round "7"]
[White "Charrier, Shayan"]
[Black "Boulos, Paul"]
[Result "1/2-1/2"]
[WhiteElo "2138"]
[BlackElo "2190"]
[PlyCount "63"]
[EventDate "2025.04.27"]
[EventType "swiss"]
[EventRounds "9"]
[EventCountry "FRA"]
[SourceTitle "CB19_2025"]
[SourceDate "2025.05.07"]
[SourceVersion "1"]
[SourceVersionDate "2025.05.07"]
[SourceQuality "1"]

1. e4 c5 2. Nf3 e6 3. b3 Nf6 4. e5 Nd5 5. Bb2 Nc6 6. Nc3 Nxc3 7. dxc3 d6 8. exd6 Bxd6 9. Bd3 h6 10. Qe2 Qc7 11. 0-0-0 Bd7 12. Kb1 0-0-0 13. Nd2 Ne5 14. Ne4 Nxd3 15. Nxd6+ Qxd6 16. Rxd3 Qc7 17. c4 f6 18. Rhd1 e5 19. Rd5 Bc6 20. Qg4+ Kb8 21. Rxd8+ Rxd8 22. Rxd8+ Qxd8 23. Qxg7 Qd1+ 24. Bc1 Be4 25. Qf8+ Kc7 26. Qxc5+ Kd7 27. Qb5+ Ke6 28. Qe8+ Kf5 29. Qc8+ Kg6 30. Qe8+ Kg7 31. Qe7+ Kg6 32. Qe8+ 1/2-1/2

[Event "FRA-ch U14"]
[Site "Vichy"]
[Date "2025.04.28"]
[Round "2"]
[White "Boulos, Paul"]
[Black "Paramaguru, Vaishak"]
[Result "1/2-1/2"]
[WhiteElo "2190"]
[BlackElo "1904"]
[PlyCount "99"]
[EventDate "2025.04.27"]
[EventType "swiss"]
[EventRounds "9"]
[EventCountry "FRA"]
[SourceTitle "CB19_2025"]
[SourceDate "2025.05.07"]
[SourceVersion "1"]
[SourceVersionDate "2025.05.07"]
[SourceQuality "1"]

1. e4 c6 2. d4 d5 3. Nc3 dxe4 4. Nxe4 Nf6 5. Nxf6+ exf6 6. Bc4 Bd6 7. Qe2+ Qe7 8. Qxe7+ Kxe7 9. Ne2 Re8 10. Bf4 Bxf4 11. Nxf4 Kf8+ 12. Kd2 Bf5 13. Bd3 Bxd3 14. Kxd3 Nd7 15. Rhe1 Rad8 16. Rxe8+ Kxe8 17. c4 Kf8 18. Kc3 f5 19. a4 Nf6 20. f3 Ke7 21. b4 Kd6 22. b5 Re8 23. bxc6 bxc6 24. Rb1 Kc7 25. Nd3 Nd7 26. a5 Re2 27. Rb2 Rxb2 28. Kxb2 Kd6 29. Kc3 g5 30. c5+ Kc7 31. Kc4 f6 32. Nb4 f4 33. Nd3 Nf8 34. d5 Ng6 35. Nb4 cxd5+ 36. Nxd5+ Kc6 37. Nxf6 h6 38. Ng4 h5 39. Nf6 Nh4 40. Ne4 g4 41. fxg4 hxg4 42. g3 fxg3 43. hxg3 Nf5 44. a6 Ne3+ 45. Kd3 Nf5 46. Kc3 Nxg3 47. Nxg3 Kxc5 48. Kb3 Kb5 49. Ne4 Kxa6 50. Ka4 1/2-1/2

[Event "Wch U14"]
[Site "Florianopolis"]
[Date "2024.11.02"]
[Round "5"]
[White "Boulos, Paul"]
[Black "Vemparala, Nikash"]
[Result "1/2-1/2"]
[WhiteElo "2153"]
[BlackElo "2004"]
[PlyCount "109"]
[EventDate "2024.10.29"]
[EventType "swiss"]
[EventRounds "11"]
[EventCountry "BRA"]
[SourceTitle "CB45_2024"]
[Source "ChessBase"]
[SourceDate "2024.11.06"]
[SourceVersion "1"]
[SourceVersionDate "2024.11.06"]
[SourceQuality "1"]

1. e4 e5 2. Nf3 Nc6 3. Bb5 Bc5 4. c3 Nf6 5. d4 exd4 6. e5 Nd5 7. 0-0 Be7 8. cxd4 d6 9. Nc3 Be6 10. Ne4 0-0 11. Bxc6 bxc6 12. Re1 Qd7 13. Bd2 f6 14. h3 Rab8 15. b3 fxe5 16. dxe5 Rbe8 17. Rc1 Nf4 18. Bxf4 Rxf4 19. Nd4 Bd5 20. e6 Qc8 21. Nc3 Qb7 22. Nxd5 cxd5 23. Nc6 Qb6 24. Qd2 Bg5 25. Qe2 Rf6 26. Rc2 Bh4 27. Qe3 Qxe3 28. Rxe3 Rfxe6 29. Rxe6 Rxe6 30. g3 Bg5 31. Nxa7 d4 32. f4 Bf6 33. Rd2 c5 34. Nb5 d5 35. Nc7 Rd6 36. Ne8 Ra6 37. Nc7 Rd6 38. Ne8 Rd8 39. Nxf6+ gxf6 40. Kf2 Rc8 41. b4 cxb4 42. Rxd4 Rc2+ 43. Kf3 Rxa2 44. Rxb4 Ra3+ 45. Kg4 h5+ 46. Kxh5 Rxg3 47. Rd4 Rxh3+ 48. Kg6 Kf8 49. Kxf6 Rh6+ 50. Ke5 Kf7 51. Rxd5 Re6+ 52. Kf5 Rf6+ 53. Kg5 Rg6+ 54. Kf5 Rf6+ 55. Kg5 1/2-1/2

[Event "Wch U14"]
[Site "Florianopolis"]
[Date "2024.11.01"]
[Round "4"]
[White "Abad Huaman, Adrian Estiven"]
[Black "Boulos, Paul"]
[Result "0-1"]
[WhiteElo "1990"]
[BlackElo "2153"]
[PlyCount "92"]
[EventDate "2024.10.29"]
[EventType "swiss"]
[EventRounds "11"]
[EventCountry "BRA"]
[SourceTitle "CB45_2024"]
[Source "ChessBase"]
[SourceDate "2024.11.06"]
[SourceVersion "1"]
[SourceVersionDate "2024.11.06"]
[SourceQuality "1"]

1. d4 d5 2. c4 e6 3. Nf3 Nf6 4. g3 Be7 5. Bg2 0-0 6. 0-0 a5 7. Qc2 Nc6 8. a3 dxc4 9. Qxc4 a4 10. Nc3 Bd7 11. Bf4 Na5 12. Qd3 Nb3 13. Rad1 c5 14. dxc5 Nxc5 15. Qb1 Qb6 16. Ne5 Bc6 17. Bxc6 bxc6 18. Be3 Qc7 19. Nc4 Nd5 20. Bd4 Nb3 21. Be5 Qa7 22. e4 Nb6 23. Nxb6 Qxb6 24. Rd7 Bc5 25. Qd1 Qa5 26. Kg2 Bb6 27. f4 Bd8 28. Qg4 g6 29. Rfd1 Nc5 30. R7d2 Be7 31. Bd6 Bxd6 32. Rxd6 Rab8 33. R1d2 Nb3 34. Rd1 Qc5 35. e5 Na5 36. Qf3 Rxb2+ 37. Kh3 Rb3 38. Ne4 Qxd6 39. Qxb3 Qxe5 40. Qxa4 Qh5+ 41. Kg2 Qe2+ 42. Kh3 Nc4 43. Rc1 Ne3 44. Nf6+ Kg7 45. Qe4 h5 46. Rg1 Qg4+ 0-1

[Event "Wch U14"]
[Site "Florianopolis"]
[Date "2024.10.29"]
[Round "1"]
[White "Boulos, Paul"]
[Black "Mane, Arnav"]
[Result "1-0"]
[WhiteElo "2153"]
[BlackElo "1747"]
[PlyCount "105"]
[EventDate "2024.10.29"]
[EventType "swiss"]
[EventRounds "11"]
[EventCountry "BRA"]
[SourceTitle "CB45_2024"]
[Source "ChessBase"]
[SourceDate "2024.11.06"]
[SourceVersion "1"]
[SourceVersionDate "2024.11.06"]
[SourceQuality "1"]

1. e4 c5 2. Nf3 d6 3. Bb5+ Nd7 4. Ba4 Ngf6 5. 0-0 a6 6. c4 g6 7. Nc3 Bg7 8. d3 0-0 9. h3 h6 10. Be3 e6 11. Qd2 Kh7 12. a3 Qc7 13. Rab1 b6 14. b4 Bb7 15. Rb3 Rfb8 16. Rfb1 Bc8 17. Rc1 Bb7 18. Bf4 e5 19. Be3 Bc8 20. Rb2 Nf8 21. Rcb1 Ne6 22. Nd5 Nxd5 23. cxd5 Nd8 24. bxc5 bxc5 25. Rxb8 Rxb8 26. Rxb8 Qxb8 27. Qa5 Bf6 28. Nd2 Be7 29. Nc4 f5 30. Qb6 Qxb6 31. Nxb6 Bb7 32. Bd7 f4 33. Bd2 Kg7 34. Ba5 Kf6 35. Nc4 Nf7 36. Bc7 a5 37. Nxa5 Ba6 38. Nc4 Bd8 39. Bb8 Bxc4 40. dxc4 Bb6 41. Be8 Ng5 42. f3 Ke7 43. Bxg6 Kf6 44. h4 Kxg6 45. hxg5 hxg5 46. Bxd6 Kf6 47. Kf1 Kf7 48. Bxe5 Ke7 49. Ke2 Ba5 50. Kd3 Bb6 51. Bc3 Bc7 52. e5 Bb6 53. Ke4 1-0

[Event "EU-ch U14"]
[Site "Prague"]
[Date "2024.08.29"]
[Round "7"]
[White "Boulos, Paul"]
[Black "Durucay, Uygar"]
[Result "0-1"]
[WhiteElo "2083"]
[BlackElo "2234"]
[PlyCount "108"]
[EventDate "2024.08.22"]
[EventType "swiss"]
[EventRounds "9"]
[EventCountry "CZE"]
[SourceTitle "CBM 221 Extra"]
[Source "ChessBase"]
[SourceDate "2024.09.30"]
[SourceVersion "1"]
[SourceVersionDate "2024.09.30"]
[SourceQuality "1"]

1. e4 c6 2. d4 d5 3. Nc3 dxe4 4. Nxe4 Nf6 5. Nxf6+ exf6 6. Bc4 Bd6 7. Qe2+ Be7 8. Nf3 0-0 9. 0-0 Re8 10. Re1 Nd7 11. h3 Nf8 12. Bd3 Be6 13. c4 Qd7 14. Qf1 Bd8 15. Be3 Bc7 16. Red1 Qd6 17. Rac1 Rad8 18. d5 Bc8 19. c5 Qxd5 20. Bxh7+ Kxh7 21. Rxd5 Rxd5 22. Qc4 Ng6 23. b4 Red8 24. Re1 Be6 25. Qe2 Rd3 26. a4 Ra3 27. Nd4 Bd5 28. Qh5+ Kg8 29. Nf5 Be6 30. Nd4 Bd5 31. Nf5 Be6 32. Nd6 Rxa4 33. Nxb7 Rd5 34. Qf3 Rxb4 35. Nd6 a5 36. Qe2 Ne5 37. Qa6 Nd3 38. Ra1 Nxc5 39. Bxc5 Rxc5 40. Nb7 Rcb5 41. Rc1 Rxb7 42. Qxc6 Bf4 43. Rd1 Rb1 44. Qe8+ Kh7 45. Qa4 Bf5 46. Qxf4 Rxd1+ 47. Kh2 Rd5 48. Qh4+ Kg8 49. Qc4 Be6 50. Qc6 Rb2 51. Kg1 Rd1+ 52. Kh2 Rdd2 53. Qa8+ Kh7 54. Qe4+ g6 0-1

[Event "EU-ch U14"]
[Site "Prague"]
[Date "2024.08.24"]
[Round "3"]
[White "Karacsonyi, Bank"]
[Black "Boulos, Paul"]
[Result "0-1"]
[WhiteElo "1913"]
[BlackElo "2083"]
[PlyCount "70"]
[EventDate "2024.08.22"]
[EventType "swiss"]
[EventRounds "9"]
[EventCountry "CZE"]
[SourceTitle "CBM 221 Extra"]
[Source "ChessBase"]
[SourceDate "2024.09.30"]
[SourceVersion "1"]
[SourceVersionDate "2024.09.30"]
[SourceQuality "1"]

1. e4 c5 2. Nf3 e6 3. d4 cxd4 4. Nxd4 Nf6 5. Nc3 Nc6 6. Ndb5 Bb4 7. a3 Bxc3+ 8. Nxc3 d5 9. exd5 exd5 10. Bd3 0-0 11. 0-0 d4 12. Ne2 Bg4 13. f3 Bh5 14. Bg5 Qd6 15. Qd2 Bg6 16. Rad1 Rad8 17. Ng3 Rfe8 18. Bxg6 hxg6 19. f4 Qc5 20. Kh1 Rd5 21. f5 Nh5 22. Nxh5 gxh5 23. b4 Qb5 24. c4 Qxc4 25. Bh6 Qe2 26. Rfe1 d3 27. Qc3 gxh6 28. Rxe2 dxe2 29. Re1 Rd1 30. f6 Rxe1+ 31. Qxe1 Re3 32. g4 h4 33. Kg2 Nd4 34. g5 Nc2 35. Qd2 e1Q 0-1